|
|
|
|
| LEADER |
01058nam a2200229 a 4500 |
| 001 |
2378795 |
| 008 |
091012s1983 it a i000 0 eng d |
| 010 |
|
|
|a 84195961
|
| 040 |
|
|
|a DLC
|c DLC
|d DLC
|
| 082 |
0 |
0 |
|a 307.7/2/091724
|2 19
|
| 245 |
0 |
0 |
|a Fighting rural poverty :
|b FAO's action programme for agrarian reform and rural development.
|
| 260 |
|
|
|a Rome :
|b Food and Agriculture Organization of the United Nations,
|c 1983.
|
| 300 |
|
|
|a iii, 43 p. :
|b ill. ;
|c 23 cm.
|
| 541 |
1 |
|
|e 00001142
|
| 650 |
|
0 |
|a Rural development
|z Developing countries.
|
| 650 |
|
0 |
|a Land reform
|z Developing countries.
|
| 650 |
|
0 |
|a Agriculture
|z Developing countries.
|
| 610 |
2 |
0 |
|a Food and Agriculture Organization of the United Nations.
|
| 710 |
2 |
|
|a Food and Agriculture Organization of the United Nations.
|
| 852 |
4 |
|
|a Ayesha Abed Library
|j General Shelf.
|
| 999 |
|
|
|c 4519
|d 4519
|
| 952 |
|
|
|0 0
|1 0
|2 ddc
|4 0
|6 307_720917240000000_FIG_1983
|7 0
|9 4252
|a BRACUL
|b BRACUL
|c GEN
|d 2009-10-12
|g 0.00
|l 0
|o 307.72091724 FIG
|p 3010001142
|r 2009-10-12
|t 1
|w 2009-10-12
|y BK
|x No price found in the accession register.
|